• 首页
  • 本馆介绍
  • 公告通知
  • 最新文献
  • 馆藏检索
  • 电子资源
  • 读者导购
  • 参考咨询
  • 我的图书馆
  • 登录
  • 详细信息显示
  • 放入我的书架
  • 预约/预借图书
  • 作者相关作品
  • 分类相关作品
  • 丛书相关作品
  • 出版社相关作品

书目信息

  • 表格格式
  • 工作单格式
  • 卡片格式
题名:
列维-斯特劳斯的美学观
    
 
作者: 梅吉奥 著 ;怀宇 译
分册:  
出版信息: 天津   天津人民出版社  2003
页数: 167页
开本: 20cm
丛书名: 法兰西语境丛书
单 册:
中图分类: B83-095.65 , B83-06
科图分类:
主题词: 美学思想 , 美学
电子资源:
ISBN: 7-201-04046-4
000 01290oam2 2200349 450
001 1241503916
005 20120928113608.07
010    @a7-201-04046-4@dCNY12.00
100    @a20030218d2003----em-y0chiy0110----ea
101 1  @achi@cfre
102    @aCN@b120000
105    @ay---z---000yy
106    @ar
200 1  @a列维-斯特劳斯的美学观@f(法)若斯·吉莱姆·梅吉奥著@g怀宇译@Alie wei - si te lao si de mei xue guan
210    @a天津@c天津人民出版社@d2003
215    @a167页@d20cm
225 2  @a法兰西语境丛书
300    @a法国外交部资助
308    @a丛书第二辑
330    @a列维-斯特劳斯是论美学的一代宗师。本书主要内容包括:艺术与社会:卡杜维奥人身上的彩绘;艺术概念的界限划定;音乐理论或艺术作为对文化的批评;神话的结构分析与艺术作品的分析等。
461  0 @1001012002017272
510 1  @aL'Esthetique de Levi-Strauss@zfre
600  0 @a莱维-斯特劳斯@c(Levi-Strauss, Claude@f1908-)
600  0 @a莱维-斯特劳斯@c(Levi-Strauss, Claude@f1908-)@x美学思想@x思想评论
606 0  @a美学思想
606 0  @a美学
690    @aB83-095.65@v4
690    @aB83-06@v4
701  1 @c(法)@a梅吉奥@c(Merquior, J. G.)@4著@Amei ji ao
702  0 @c(回)@a怀宇@f(1944~)@4译@Ahuai yu
801  0 @aCN@b大连网信软件有限公司图书馆·11@c20120928
905    @a10447@dB83-06@eJY82
    
    列维-斯特劳斯的美学观/(法)若斯·吉莱姆·梅吉奥著/怀宇译.-天津:天津人民出版社,2003
    167页;20cm .-(法兰西语境丛书 )
    法国外交部资助
    
    ISBN 7-201-04046-4:CNY12.00
    列维-斯特劳斯是论美学的一代宗师。本书主要内容包括:艺术与社会:卡杜维奥人身上的彩绘;艺术概念的界限划定;音乐理论或艺术作为对文化的批评;神话的结构分析与艺术作品的分析等。
●
相关链接 在E读中查询图书 在五车中查询图书 在当当中查询图书 在豆瓣中查询图书


正题名:列维-斯特劳斯的美学观     索取号:B83-06/JY82         预约/预借

序号 登录号 条形码 馆藏地/架位号 状态 备注
1 7830057   278300571   学院路分馆/ [索取号:B83-06/JY82] 在馆    
2 7830058   278300580   学院路分馆/ [索取号:B83-06/JY82] 在馆    
3 7830059   278300599   学院路分馆/ [索取号:B83-06/JY82] 在馆    
唐山师范学院图书馆 欢迎您!
大连网信软件有限公司© 版权所有